[Event "Al-Ain Classic Open A 2013"]
[Site "Al-Ain UAE"]
[Date "2013.12.28"]
[Round "9.30"]
[White "Zayan, Osama"]
[Black "Pourkashiyan, Atousa"]
[Result "1-0"]
[BlackTitle "WGM"]
[WhiteElo "2234"]
[BlackElo "2334"]
[WhiteFideId "10601180"]
[BlackFideId "12502014"]
[EventDate "2013.12.19"]

1. e4 c5 2. Nf3 e6 3. d4 cxd4 4. Nxd4 a6 5. Bd3 Bc5 6. Nb3 Be7 7. Qe2 d6 8. c4
Nf6 9. Nc3 Qc7 10. Bf4 Nbd7 11. Rc1 O-O 12. O-O b6 13. h3 Bb7 14. Nd2 Rac8 15.
b3 Rfe8 16. Rfd1 Qb8 17. Nf1 Bc6 18. Ne3 Ne5 19. a4 Qa8 20. f3 Nfd7 21. Bc2 Red8
22. Bg3 Nf6 23. f4 Ned7 24. Ned5 Bf8 25. Nxf6+ Nxf6 26. e5 dxe5 27. fxe5 Nd7 28.
Bh4 g6 29. Bxd8 Rxd8 30. Be4 Nxe5 31. Rxd8 Qxd8 32. Rd1 Qc7 33. Bxc6 Nxc6 34.
Ne4 Bg7 35. Qf3 Qe7 36. Nf6+ Bxf6 37. Qxc6 Qb4 38. Qf3 Kg7 39. Kh1 Qc5 40. Rf1
Qe7 41. Qf2 Qd8 42. b4 e5 43. c5 bxc5 44. bxc5 e4 45. c6 e3 46. Qxe3 Qc7 47. Qe8
Qg3 48. Qd7 Kh6 49. Qg4 Qc3 50. Qf3 Qxf3 51. Rxf3 Be5 52. Rxf7 1-0

[Event "Al-Ain Classic Open A 2013"]
[Site "Al-Ain UAE"]
[Date "2013.12.28"]
[Round "9.31"]
[White "Basencyan, Mark"]
[Black "Sarwat, Walaa"]
[Result "1/2-1/2"]
[BlackTitle "IM"]
[WhiteElo "2181"]
[BlackElo "2315"]
[WhiteFideId "13300725"]
[BlackFideId "10600256"]
[EventDate "2013.12.19"]

1. d4 d5 2. c4 c6 3. Nf3 Nf6 4. Nc3 g6 5. cxd5 cxd5 6. Bf4 Nc6 7. e3 Bg7 8. h3
O-O 9. Be2 Bf5 10. O-O Rc8 11. Rc1 Ne4 12. Na4 Qa5 13. a3 b5 14. Nc5 b4 15. g4
bxa3 16. bxa3 Be6 17. Qd3 Nb8 18. Nxe4 dxe4 19. Qxe4 Rxc1 20. Rxc1 Qxa3 21. Qb1
Nd7 22. Qa1 Qxa1 23. Rxa1 Ra8 24. Ra5 Nb6 25. Bc7 Nd5 26. Bg3 Nf6 27. Ba6 Bd5
28. Nd2 e6 29. Kf1 Bf8 30. Ra4 Nd7 31. e4 Nb6 32. Ra1 Bc6 33. Rc1 Ba4 34. Ke2
Bg7 35. Ke3 Rd8 36. Nf3 f5 37. Bc7 Re8 38. Be5 fxe4 39. Kxe4 Nd5 40. Bxg7 Kxg7
41. Ng5 Bb3 42. Ke5 h6 43. Rb1 hxg5 44. Rxb3 Re7 45. Kd6 Kf6 46. Rb8 Rf7 47. Bc4
Nf4 48. Re8 Rb7 49. Rf8+ Kg7 50. Ra8 Kf7 51. Rh8 Rb4 52. Kc5 Rb2 53. Rh7+ Kf6
54. Rxa7 Rxf2 55. Ra6 Rc2 56. Kb4 Ke7 57. Ra7+ Kd6 58. Ra6+ Kd7 59. Ra7+ Kc6 60.
Ra6+ Kb7 61. Ra5 Rb2+ 62. Kc3 Rh2 63. Rxg5 Rxh3+ 64. Kb4 Re3 65. Ra5 Kb6 66.
Ra6+ Kb7 67. Ra5 Kc6 68. Ra6+ Kd7 69. Kc5 Rc3 70. Ra7+ Kc8 71. Kb4 Rg3 72. Kc5
Kd8 73. Kd6 1/2-1/2

[Event "Al-Ain Classic Open A 2013"]
[Site "Al-Ain UAE"]
[Date "2013.12.28"]
[Round "9.32"]
[White "Sameir, Ramez"]
[Black "Kazimova, Narmin"]
[Result "1-0"]
[BlackTitle "WIM"]
[WhiteElo "2070"]
[BlackElo "2238"]
[WhiteFideId "10606017"]
[BlackFideId "13402951"]
[EventDate "2013.12.19"]

1. e4 c5 2. Nc3 Nc6 3. f4 g6 4. Nf3 Bg7 5. Bb5 a6 6. Bxc6 bxc6 7. O-O d6 8. d3
Nf6 9. Qe1 O-O 10. f5 e6 11. Qh4 Nd7 12. Bg5 f6 13. fxg6 hxg6 14. Bh6 Qe7 15.
Rae1 Bb7 16. Nd1 Rf7 17. Nf2 g5 18. Qh5 Bxh6 19. Qxh6 Rh7 20. Qg6+ Kh8 21. e5
dxe5 22. Qe4 Rg8 23. h3 Qd6 24. Qe2 Qe7 25. Ng4 Rf8 26. Nd2 Bc8 27. Nc4 Rff7 28.
Rf2 Kg7 29. Ref1 Kf8 30. Qe4 Bb7 31. Nxf6 Nxf6 32. Rxf6 Rxf6 33. Rxf6+ Qxf6 34.
Qxh7 Qf4 35. Qh8+ Ke7 36. Qg7+ Kd8 37. Qxb7 Qc1+ 38. Kf2 Qxc2+ 39. Ke3 Qc1+ 40.
Ke2 1-0

[Event "Al-Ain Classic Open A 2013"]
[Site "Al-Ain UAE"]
[Date "2013.12.28"]
[Round "9.33"]
[White "Plotkin, Victor"]
[Black "Khalafova, Narmin"]
[Result "1-0"]
[WhiteTitle "FM"]
[BlackTitle "WFM"]
[WhiteElo "2228"]
[BlackElo "2148"]
[WhiteFideId "2606674"]
[BlackFideId "13402625"]
[EventDate "2013.12.19"]

1. e4 c5 2. c3 d6 3. d4 Nf6 4. Bd3 Nc6 5. Ne2 Bg4 6. f3 Bd7 7. O-O Qb6 8. Qb3
Qxb3 9. axb3 g6 10. Be3 b6 11. Ba6 Rb8 12. Nd2 Bg7 13. Bb5 a5 14. dxc5 dxc5 15.
Bf4 Rb7 16. Nc4 O-O 17. Rfd1 Nb8 18. Bxd7 Nfxd7 19. Rd2 Ra7 20. Na3 Nc6 21. Nb5
Rb7 22. Rad1 Nf6 23. g4 Ra8 24. Ng3 Kf8 25. g5 Ne8 26. Rd5 Na7 27. Nxa7 Rbxa7
28. e5 Kg8 29. Rd8 Bf8 30. Rxa8 Rxa8 31. Rd7 Ng7 32. Rb7 Ne6 33. Be3 Rd8 34. Kf2
Rd1 35. Ne2 Rb1 36. Bc1 h6 37. h4 h5 38. Rxb6 Ng7 39. Rb5 Ra1 40. Rxc5 Nf5 41.
Rc4 Bg7 42. f4 e6 43. Ra4 Rxa4 44. bxa4 Bf8 45. Be3 Nxh4 46. Bb6 Nf5 47. Nd4 Ne7
48. Bxa5 Nd5 49. Kf3 Bc5 50. Ne2 Ne3 51. b4 Ba7 52. b5 Nc4 53. Bc7 Bc5 54. a5
Kf8 55. Nd4 Ke7 56. Nb3 Bg1 57. a6 Kd7 58. Ba5 Na3 59. b6 Kc8 60. b7+ Kb8 61.
Bb4 Nc4 62. Na5 1-0

[Event "Al-Ain Classic Open A 2013"]
[Site "Al-Ain UAE"]
[Date "2013.12.28"]
[Round "9.34"]
[White "Safarov, Zirva"]
[Black "Dauletova, Gulmira"]
[Result "1/2-1/2"]
[BlackTitle "WIM"]
[WhiteElo "2120"]
[BlackElo "2214"]
[WhiteFideId "13413040"]
[BlackFideId "13702971"]
[EventDate "2013.12.19"]

1. d4 Nf6 2. c4 e6 3. g3 d5 4. Bg2 dxc4 5. Nf3 Nc6 6. O-O a6 7. Nc3 Bd6 8. Qa4
Bd7 9. Qxc4 O-O 10. Bg5 h6 11. Bxf6 Qxf6 12. a3 Rab8 13. b4 e5 14. d5 Na7 15.
Nd2 Qe7 16. e4 Nc8 17. Rfb1 b5 18. Qe2 Nb6 19. Rc1 g6 20. Nb3 Nc4 21. Nd1 f5 22.
exf5 gxf5 23. Ne3 Nxe3 24. Qxe3 f4 25. Qd2 e4 26. Nc5 e3 27. fxe3 fxg3 28. Ne6
Rf2 29. Qd4 Bxe6 30. dxe6 Rbf8 31. Qg4+ Kh8 32. hxg3 Be5 33. Rf1 Bxa1 34. Rxf2
Rxf2 35. Kxf2 Qf6+ 36. Kg1 Bb2 37. Bd5 Qe7 38. Qd1 Qd6 39. Kh2 Be5 40. Qf3 Qe7
41. Qe4 Bb2 42. Qc2 Be5 43. Qg6 Qf6 44. Qe8+ Kg7 45. Kg2 Bd6 46. Be4 Qb2+ 47.
Kh3 Qf6 48. Bd3 h5 49. Kg2 Qb2+ 50. Kg1 Qa1+ 51. Bf1 Qe5 52. Qf7+ Kh8 53. Qf3 h4
54. e7 Qxe7 55. Qh5+ Kg7 56. Qg4+ Kf8 57. Qf3+ Kg7 58. gxh4 Qxh4 59. Bh3 Qe1+
60. Bf1 Qh4 61. Bh3 Qe1+ 62. Bf1 Qh4 63. Bd3 Qe1+ 64. Kg2 Qd2+ 65. Be2 Qb2 66.
e4 Qe5 67. Qg4+ Kf8 68. Qh4 Qg7+ 69. Qg4 Qxg4+ 70. Bxg4 Ke7 71. Kf3 Kd8 72. Ke3
Be5 73. Kd3 Bb2 74. a4 bxa4 75. Kc2 a3 76. Kb3 Ke7 77. Be2 Kd6 78. Bxa6 Ke5 79.
Bb7 Kd4 80. b5 Kc5 81. Bc6 Bc1 82. e5 Bb2 83. e6 Kd6 84. Bd7 Bc1 85. Ka2 Ke7 86.
Bc8 Kd8 87. Bb7 Ke7 88. Bd5 Bb2 89. Kb1 Bf6 90. Ka2 Kd6 91. Bb3 Kc5 92. Kxa3
Kxb5 93. Ba2 Kc5 94. Kb3 Kd4 95. Kb4 c6 96. Bb3 Be7+ 97. Ka4 Kc3 98. Ba2 Bd6 99.
Ka5 c5 100. Kb5 Be7 101. Bc4 Kd4 102. Bb3 Bg5 103. Ba2 Bf6 104. Ka6 c4 105. Bxc4
Kxc4 106. e7 Bxe7 1/2-1/2

[Event "Al-Ain Classic Open A 2013"]
[Site "Al-Ain UAE"]
[Date "2013.12.28"]
[Round "9.35"]
[White "Djaballah, Farouk"]
[Black "Tuvsanaa, Nyamaa"]
[Result "0-1"]
[BlackTitle "FM"]
[WhiteElo "2037"]
[BlackElo "2162"]
[WhiteFideId "7900937"]
[BlackFideId "4900413"]
[EventDate "2013.12.19"]

1. e4 e6 2. d4 d5 3. Nc3 Bb4 4. e5 c5 5. Bd2 Ne7 6. Nb5 Bxd2+ 7. Qxd2 O-O 8.
dxc5 Nd7 9. Qc3 a6 10. Nd6 Qc7 11. f4 Qxc5 12. Qxc5 Nxc5 13. Nf3 b5 14. Bd3 Bd7
15. Kd2 Rab8 16. h4 f6 17. h5 fxe5 18. fxe5 Nc6 19. Rh4 Rb6 20. Re1 Nxe5 21.
Rxe5 Rxd6 22. Ke3 Rf6 23. Rg4 Be8 24. Nd4 h6 25. Rf4 Bf7 26. Kf3 Nd7 27. Re1 e5
28. Rxf6 Rxf6+ 29. Nf5 e4+ 30. Bxe4 dxe4+ 31. Kf4 Bxh5 32. g4 g6 33. gxh5 Rxf5+
34. Ke3 Rxh5 35. Rg1 Kf7 36. Kxe4 Rh2 37. Rc1 g5 38. b3 Ke6 39. c4 bxc4 40. Rxc4
Nf6+ 0-1

[Event "Al-Ain Classic Open A 2013"]
[Site "Al-Ain UAE"]
[Date "2013.12.28"]
[Round "9.36"]
[White "Gluckman, David"]
[Black "Kaboodi, Behrang"]
[Result "1/2-1/2"]
[WhiteTitle "IM"]
[WhiteElo "2237"]
[BlackElo "2044"]
[WhiteFideId "14300010"]
[BlackFideId "12504955"]
[EventDate "2013.12.19"]

1. e4 d6 2. d4 Nf6 3. Nc3 g6 4. Nf3 Bg7 5. h3 O-O 6. Be2 Nc6 7. O-O e5 8. dxe5
Nxe5 9. Nxe5 dxe5 10. Qxd8 Rxd8 11. Be3 c6 12. Rfd1 Re8 13. a4 Be6 14. a5 Bf8
15. f3 Nd7 16. Nb1 b5 17. axb6 axb6 18. Nd2 b5 19. c4 b4 20. Nb3 Rec8 21. Kf2
Be7 22. Bd3 Kf8 23. Ke2 Ke8 24. Rdc1 f6 25. Kd2 Kf7 26. Ke2 h5 27. Kd2 h4 28.
Bf2 f5 29. Be3 f4 30. Bf2 g5 31. Rxa8 Rxa8 32. Ra1 Rxa1 33. Nxa1 Bc5 34. Be1 Bd4
35. Kc2 Nb6 36. Kb3 c5 37. Nc2 Bg1 38. Bf1 Ke7 39. Be2 Kd6 40. Bf1 Bd7 41. Ka2
b3+ 42. Kxb3 Ba4+ 43. Kc3 Bd4+ 44. Nxd4 exd4+ 45. Kd2 Bb3 46. Kc1 Bxc4 47. Bxc4
Nxc4 48. b4 Ne3 49. bxc5+ Kxc5 50. Ba5 Nxg2 51. Bd8 g4 52. fxg4 d3 53. Kd2 Kd4
54. e5 Ne3 55. e6 Nc4+ 56. Kd1 d2 57. Ba5 f3 58. Bxd2 f2 59. Ke2 Nxd2 60. Kxf2
Nc4 61. e7 Nd6 62. Kf3 Ke5 63. g5 Kf5 64. g6 Ne8 65. Ke3 Kxg6 66. Kf4 Kh5 67.
Kf5 Nc7 68. Kf6 Nd5+ 69. Ke6 Nxe7 70. Kxe7 Kg5 71. Ke6 Kf4 72. Kd5 Kg3 73. Ke4
Kxh3 74. Kf3 Kh2 75. Kf2 h3 76. Kf1 Kh1 77. Kf2 h2 78. Kf1 1/2-1/2

[Event "Al-Ain Classic Open A 2013"]
[Site "Al-Ain UAE"]
[Date "2013.12.28"]
[Round "9.37"]
[White "Abtini, Hasan"]
[Black "Guliev, Sarhan"]
[Result "0-1"]
[BlackTitle "GM"]
[WhiteElo "2014"]
[BlackElo "2430"]
[WhiteFideId "7601506"]
[BlackFideId "13400231"]
[EventDate "2013.12.19"]

1. Nf3 g6 2. g3 Bg7 3. Bg2 c6 4. O-O f5 5. d3 Nf6 6. Nbd2 O-O 7. e4 fxe4 8. dxe4
Na6 9. Qe2 Nc7 10. Re1 b6 11. Rb1 Ba6 12. c4 Qe8 13. b3 e5 14. Ba3 c5 15. Bb2 d6
16. Rbd1 h6 17. Nb1 Rd8 18. Nh4 Ne6 19. a4 Bc8 20. h3 Kh7 21. Nd2 Nd4 22. Bxd4
cxd4 23. a5 Be6 24. Ra1 Qc6 25. axb6 axb6 26. f4 Qd7 27. Nxg6 Kxg6 28. f5+ Kh7
29. fxe6 Qxe6 30. Ra7 Rd7 31. Rea1 h5 32. Nf3 Bh6 33. Nh4 Rxa7 34. Rxa7+ Rf7 35.
Ra6 Qc8 36. Rxb6 Qc5 37. Kh2 Qxb6 38. Qd3 Qb4 39. Nf5 Qe1 40. Qf3 Be3 41. Bf1
Ra7 42. Nxe3 dxe3 43. Qxf6 Qf2+ 44. Qxf2 exf2 45. b4 h4 46. gxh4 Rg7 47. Bg2 Kh6
48. b5 Kh5 49. b6 Kxh4 50. Bf1 Rg1 51. b7 Rg8 52. Be2 Rb8 53. Kg2 Rxb7 54. Kxf2
Kxh3 55. Ke3 Kg3 56. Bd1 Rb1 57. Ba4 Ra1 58. Bc6 Ra3+ 59. Kd2 Kf3 60. Kc2 Ke3
61. Kb2 Rd3 62. Bd5 Kd4 63. Kc2 Rc3+ 64. Kd2 Rxc4 0-1

[Event "Al-Ain Classic Open A 2013"]
[Site "Al-Ain UAE"]
[Date "2013.12.28"]
[Round "9.38"]
[White "Kurbanov, Charygeldy"]
[Black "Djuraev, Sokhib"]
[Result "0-1"]
[BlackTitle "FM"]
[WhiteElo "2104"]
[BlackElo "2355"]
[WhiteFideId "14001152"]
[BlackFideId "14201690"]
[EventDate "2013.12.19"]

1. d4 d6 2. Nf3 g6 3. c4 Bg7 4. Nc3 Nf6 5. e4 Bg4 6. Be2 O-O 7. h3 Bxf3 8. Bxf3
e5 9. d5 Nfd7 10. h4 a5 11. h5 Na6 12. Be3 f5 13. hxg6 hxg6 14. Qe2 Qf6 15.
O-O-O f4 16. Bd2 Kf7 17. b3 Rh8 18. a3 Rh4 19. Bg4 Ndc5 20. Kc2 a4 21. bxa4 Rah8
22. Rxh4 Rxh4 23. f3 Rh2 24. Bh3 g5 25. Qf1 g4 26. Bxg4 Rh8 27. a5 Qd8 28. Na2
Qe8 29. Nc3 Bf6 30. Rb1 Bd8 31. Nb5 Be7 32. Bb4 c6 33. Nc3 Nd7 34. Ne2 Nf6 35.
Be6+ Kg7 36. g3 cxd5 37. cxd5 Qa4+ 38. Kc3 Nxb4 39. axb4 Nd7 40. Bxd7 Qxd7 41.
Kb3 fxg3 42. Nxg3 Bg5 43. Nf5+ Kf6 44. Rb2 Rc8 45. Qd3 Rc1 46. Rg2 Ra1 47. b5
Qc7 48. Ra2 Rxa2 49. Kxa2 Qxa5+ 50. Kb3 Bc1 51. Kc2 Ba3 52. Ne3 Bc5 53. Ng4+ Kf7
54. Qc4 Qa3 55. Qb3 Qa1 56. Nh6+ Ke7 57. Nf5+ Kd7 58. Qb1 Qa4+ 59. Qb3 Qa5 60.
Ng7 Qe1 61. Ne6 Qe2+ 62. Kb1 Bb6 63. Nf8+ Ke8 64. Ne6 Ke7 65. Ka1 Be3 66. Qa4
Qxf3 67. Qc4 Qd1+ 68. Ka2 Kf6 69. Qb3 Qe2+ 70. Kb1 Bd2 71. Qa4 Bc3 72. Qb3 Qxe4+
73. Ka2 Qe1 74. Qc2 e4 75. Kb3 Be5 76. Qg2 Qd1+ 77. Ka3 Qf3+ 78. Qxf3+ exf3 0-1

[Event "Al-Ain Classic Open A 2013"]
[Site "Al-Ain UAE"]
[Date "2013.12.28"]
[Round "9.40"]
[White "Batjantsan, Purevjal"]
[Black "Mukhin, Alexey"]
[Result "1-0"]
[WhiteElo "2092"]
[BlackElo "2188"]
[WhiteFideId "4901231"]
[BlackFideId "4180011"]
[EventDate "2013.12.19"]

1. e4 e5 2. Nf3 Nc6 3. Bc4 Bc5 4. c3 Nf6 5. d3 d6 6. h3 Be6 7. Nbd2 h6 8. b4 Bb6
9. Bxe6 fxe6 10. Nc4 O-O 11. O-O Qe8 12. a4 a5 13. b5 Ne7 14. Nxb6 cxb6 15. Be3
Ng6 16. Bxb6 Nf4 17. Be3 g5 18. Bxf4 gxf4 19. d4 Nxe4 20. dxe5 d5 21. c4 Rd8 22.
Qd4 Qe7 23. cxd5 exd5 24. Rac1 Rf7 25. b6 Qb4 26. e6 Re7 27. Qe5 Qd6 28. Qxd6
Rxd6 29. Nd4 Rxb6 30. Rc8+ Kh7 31. Rfc1 Kg6 32. Ne2 f3 33. Nf4+ 1-0

[Event "Al-Ain Classic Open A 2013"]
[Site "Al-Ain UAE"]
[Date "2013.12.28"]
[Round "9.41"]
[White "Sosovicka, Juraj"]
[Black "Gator, Mosab"]
[Result "1/2-1/2"]
[BlackTitle "FM"]
[WhiteElo "2188"]
[BlackElo "2120"]
[WhiteFideId "14911418"]
[BlackFideId "1312383"]
[EventDate "2013.12.19"]

1. e4 c5 2. Nf3 d6 3. d4 cxd4 4. Qxd4 a6 5. c4 Nc6 6. Qd2 Nf6 7. Nc3 g6 8. b3
Bg7 9. Bb2 O-O 10. Bd3 Bg4 11. Qe3 Qa5 12. O-O Bxf3 13. Qxf3 Rab8 14. a3 Ne5 15.
Qe2 Nxd3 16. Qxd3 b5 17. b4 Qb6 18. Ne2 a5 19. Bd4 bxc4 20. Qxc4 Qb7 21. Bxf6
Bxf6 22. Rab1 Rfc8 23. Qd3 Qb5 24. Qxb5 Rxb5 25. Nf4 e6 26. Rfd1 axb4 27. Rxb4
Ra5 28. Rb3 Kg7 29. Rb7 Kf8 30. g3 Be5 31. Rd3 Ra4 32. Rf3 Kg8 33. Nd3 Rf8 34.
Nxe5 dxe5 35. Rb4 Rfa8 36. Rxa4 Rxa4 37. Re3 f5 38. f3 Kf7 39. Kf2 Rc4 40. exf5
exf5 41. Rxe5 Rc2+ 42. Re2 Rc4 43. f4 Kf6 44. Rb2 Ra4 45. Rb6+ Kg7 46. Rb3 h6
47. Ke2 g5 48. Rf3 Kg6 49. Kd2 Kh5 50. fxg5 hxg5 51. h3 f4 52. Kc2 g4 53. hxg4+
Kxg4 54. Rxf4+ Rxf4 55. gxf4 Kxf4 56. Kb3 Ke5 57. Kb4 Kd6 1/2-1/2

[Event "Al-Ain Classic Open A 2013"]
[Site "Al-Ain UAE"]
[Date "2013.12.28"]
[Round "9.42"]
[White "Ayyad, Husain"]
[Black "Chelushkina, Irina"]
[Result "0-1"]
[WhiteTitle "FM"]
[BlackTitle "WGM"]
[WhiteElo "2191"]
[BlackElo "2276"]
[WhiteFideId "11200243"]
[BlackFideId "928615"]
[EventDate "2013.12.19"]

1. e4 e6 2. d4 d5 3. exd5 Qxd5 4. c4 Qa5+ 5. Bd2 Qb6 6. Nf3 c5 7. b4 cxb4 8. c5
Qc7 9. a3 b3 10. Nc3 Nf6 11. Nb5 Qd8 12. Bf4 Nd5 13. Bd6 a6 14. Bxf8 Kxf8 15.
Nd6 b2 16. Rb1 Nc3 17. Qc2 Nxb1 18. Qxb1 Qa5+ 19. Nd2 Qxa3 20. Nxc8 Nc6 21. Nb6
Rd8 22. Nbc4 Qc3 23. Qxb2 Qxb2 24. Nxb2 Rxd4 25. g3 Ke7 26. Bg2 Na5 27. Nf1 Rc8
28. Ne3 Rxc5 29. O-O Rb5 30. Re1 h5 31. Bf1 Rg5 32. Nd3 Nc6 33. Rb1 Nd8 34. Rc1
Ra5 35. Nc5 Ra2 36. Bg2 b5 37. Ne4 b4 38. Rc7+ Rd7 39. Rc8 a5 40. Nc5 Ra7 41.
Rb8 Ra1+ 42. Bf1 Nc6 43. Rb6 Nd4 44. Kg2 Rc1 45. Na4 Nc2 46. Nxc2 Rxc2 47. Rb5 0-1

[Event "Al-Ain Classic Open A 2013"]
[Site "Al-Ain UAE"]
[Date "2013.12.28"]
[Round "9.43"]
[White "Bakalar, Jan"]
[Black "Mezioud, Amina"]
[Result "0-1"]
[BlackTitle "WIM"]
[WhiteElo "2033"]
[BlackElo "2048"]
[WhiteFideId "14901978"]
[BlackFideId "7900970"]
[EventDate "2013.12.19"]

1. b3 e5 2. c4 b6 3. Bb2 d6 4. e3 Bb7 5. Ne2 Nd7 6. d4 f5 7. d5 Ngf6 8. Nbc3 g6
9. g3 Bg7 10. Bg2 O-O 11. O-O Qe7 12. Qc2 Rfe8 13. Nb5 Nf8 14. a4 a6 15. Nbc3 a5
16. Rad1 Bc8 17. e4 Ng4 18. Bc1 Nh6 19. Bh3 f4 20. Bxc8 Raxc8 21. gxf4 Qh4 22.
f3 exf4 23. Bxf4 g5 24. Bg3 Qh5 25. Nb5 Nd7 26. Ned4 Ne5 27. Qg2 Rf8 28. Bxe5
Bxe5 29. Ne6 Rf6 30. Nbxc7 Kh8 31. Nb5 Rg8 32. Rd3 Bf4 33. Kh1 Nf7 34. Nbd4 Ne5
35. Rc3 g4 36. Nxf4 Rxf4 37. Qg3 gxf3 38. Qxf4 Qh3 39. Qf6+ Rg7 40. Qf8+ Rg8 41.
Qf6+ Rg7 42. Rg1 Ng4 43. Qf8+ Rg8 44. Rxg4 Rxf8 45. Rg3 f2 0-1

[Event "Al-Ain Classic Open A 2013"]
[Site "Al-Ain UAE"]
[Date "2013.12.28"]
[Round "9.44"]
[White "Afshar, Niusha"]
[Black "Kalinina, Larisa"]
[Result "1/2-1/2"]
[BlackTitle "WIM"]
[WhiteElo "1992"]
[BlackElo "2155"]
[WhiteFideId "12509892"]
[BlackFideId "14106361"]
[EventDate "2013.12.19"]

1. e4 c5 2. c3 d6 3. d4 Nf6 4. Bd3 g6 5. Nf3 Bg7 6. h3 O-O 7. O-O a6 8. a4 b6 9.
Na3 Bb7 10. Re1 cxd4 11. Nxd4 Nbd7 12. Bc2 Nc5 13. f3 e5 14. Ne2 d5 15. exd5
Nxd5 16. Ng3 Qh4 17. Ne4 Ne6 18. Nd6 Bc6 19. Be4 Rad8 20. Bxd5 Rxd6 21. c4 Bxd5
22. cxd5 Rxd5 23. Qe2 Nd4 24. Qe4 Qd8 25. Kh1 Nb3 26. Rb1 Nc5 27. Qc2 Nd3 28.
Rf1 Nxc1 29. Qxc1 Qh4 30. Qc6 Rd2 31. Qxb6 Qxa4 32. Qc5 e4 33. b3 Qd4 34. Qxd4
Rxd4 35. fxe4 Rxe4 36. Nc4 f5 37. Rbd1 Rd4 38. Ra1 Rxc4 39. bxc4 Bxa1 40. Rxa1
Ra8 41. Kg1 Kf7 42. Kf2 Ke6 43. Ra5 Kd6 44. Ke3 Kc6 45. c5 g5 46. Kd4 f4 47. Ke4
h6 48. Kf5 Kb7 49. Kg6 Rf8 50. Kg7 Rd8 51. Kxh6 Rg8 52. Kh7 Rd8 53. Kg6 Rg8+ 54.
Kf5 Rg7 55. c6+ Kb6 56. Ra2 a5 57. Kf6 Rg8 58. Kf5 Rg7 59. c7 Rxc7 60. Kxg5 Rf7
61. h4 f3 62. gxf3 Rxf3 63. h5 Rg3+ 64. Kh4 Rg8 65. h6 Kb5 66. Kh5 a4 67. h7 Rh8
68. Kg6 Kb4 69. Kg7 Rxh7+ 70. Kxh7 Kb3 71. Rg2 a3 72. Rg8 a2 73. Ra8 Kb2 74.
Rxa2+ Kxa2 1/2-1/2

[Event "Al-Ain Classic Open A 2013"]
[Site "Al-Ain UAE"]
[Date "2013.12.28"]
[Round "9.46"]
[White "Alahakoon, Isuru"]
[Black "Khadzh Khamed, Naser"]
[Result "1-0"]
[WhiteElo "2067"]
[BlackElo "2022"]
[WhiteFideId "9900993"]
[BlackFideId "14118920"]
[EventDate "2013.12.19"]

1. e4 e5 2. Nf3 Nc6 3. Bc4 Nf6 4. d3 Bc5 5. c3 Bb6 6. Bb3 d6 7. Nbd2 Qe7 8. Nf1
Ng4 9. Ne3 Nxe3 10. Bxe3 Bxe3 11. fxe3 Bg4 12. O-O O-O-O 13. Bd5 Nb8 14. Qa4 c6
15. Bb3 a6 16. Nd2 f6 17. Bc2 h5 18. b4 d5 19. exd5 Rxd5 20. Nc4 Qc7 21. Nb2
Rhd8 22. c4 b5 23. Qb3 bxc4 24. dxc4 Rd2 25. c5 Re2 26. Nc4 Kb7 27. Bd3 e4 28.
Bxe2 Bxe2 29. Nd6+ Rxd6 30. cxd6 Qxd6 31. Rfc1 Qd5 32. Qxd5 cxd5 33. Rc5 Bc4 34.
Rxc4 dxc4 35. Rc1 1-0